Loading...
The sulbasutras :baudhayana,apastamba,katyayana and marva.
| Hovedforfatter: | |
|---|---|
| Format: | Printed Book |
| Udgivet: |
New Delhi :
Indian National Science Academy,
1983.
|
| Fag: |
| LEADER | 00479nam a22001217a 4500 | ||
|---|---|---|---|
| 082 | |a 294.592 13 |b SEN/S | ||
| 100 | |a Sen,S.N. |a Bag,A.K. | ||
| 245 | |a The sulbasutras :baudhayana,apastamba,katyayana and marva. | ||
| 260 | |a New Delhi : |b Indian National Science Academy, |c 1983. | ||
| 650 | |a Religion |v Hinduism | ||
| 942 | |c BK | ||
| 999 | |c 98409 |d 98409 | ||
| 952 | |0 0 |1 0 |4 0 |6 294_592000000000000_13_SEN_S |7 0 |9 91565 |a SSS |b SSS |c GEN |d 2011-12-19 |g 85.00 |l 0 |o 294.592 13 SEN/S |p SSS03228 |r 2011-12-19 |w 2011-12-19 |y BK | ||